000 00281nam a22001337a 4500
008 180922b xxu||||| |||| 00| 0 eng d
020 _a9780199737215
041 _aeng
080 _a371
100 _a25
101 _aEDU
245 _aOur Voices
_cGonzales, A
942 _2udc
_cBK
999 _c48238
_d48238